Countries of Europe in 1970 - Statistics

General Stats
  • This quiz has been taken 62 times
  • The average score is 30 of 34
Answer Stats
Country % Correct
France
96%
Austria
92%
Soviet Union
92%
Spain
92%
United Kingdom
92%
Czechoslovakia
91%
Ireland
91%
Poland
91%
Portugal
91%
Sweden
91%
Yugoslavia
91%
Belgium
89%
East Germany
89%
Finland
89%
Greece
89%
Norway
89%
West Germany
89%
Andorra
87%
Hungary
87%
Iceland
87%
Romania
87%
Switzerland
87%
Bulgaria
85%
Denmark
85%
San Marino
85%
Vatican City
85%
Albania
83%
Italy
83%
Netherlands
83%
Liechtenstein
81%
Monaco
81%
Luxembourg
79%
Malta
75%
Turkey
72%
No matching quizzes found
Score Distribution
Percent of People with Each Score
Percentile by Number Answered
Your Score History
You have not taken this quiz